00401nam a2200133Ia 450000500170000000800410001702000180005808200240007610000270010024500850012726000310021230000150024344000090025820240628142112.0240126s9999 xx 000 0 und d a9783030230487 a621.38173 CHA;1 R aChakravarthi, Veena S. 2aA practical approach to VLSI system on chip (SoC) design : a comprehensive guide bSpingeraSwitzerlandc2020 axxxii, 312 aNULL